01013nam a22002297a 4500003000400000005001700004008004100021020001500062040002900077050002600106100002800132245002300160260003600183300004200219650004700261650005900308650003600367942001600403952017900419952016800598999001700766OSt20260513095750.0260511b |||||||| |||| 00| 0 eng d a0618035052 cChuka University Library aPC 2112 .V35 2001 C.1 aLittell, McDougal94794 aDiscovering French aNew YorkbD.c Heath And Company aVarious PagingbColoured Illustration aFrench Language- study And Teaching922907 aFrench Language- Textbooks For Foreign Speakers922931 aFrench Language- Grammar922961 2lcccFREn0 00102lcc40708LGLaCHKbCHKcGENd2026-05-11eDonation from Books for Africag7749.00l0oPC 2112 .V35 2001 p31242/2026r2026-05-11 16:33:28tC.1v7749.00w2026-05-11yBK 00102lcc40708LGLaCHKbCHKcGENd2026-05-11eDonation from Books for Africag7749.00l0oPC 2112 .V35 2001p31243/2026r2026-05-25 12:32:09t2w2026-05-25yFRE c21924d21924